Cracking the GRE (Record no. 4799)
[ view plain ]
| 000 -LEADER | |
|---|---|
| fixed length control field | 00603 a2200181 4500 |
| 020 ## - INTERNATIONAL STANDARD BOOK NUMBER | |
| International Standard Book Number | 9780375766169 |
| Terms of availability | 650.00 |
| 035 ## - SYSTEM CONTROL NUMBER | |
| System control number | B-211504 |
| 037 ## - SOURCE OF ACQUISITION | |
| Source of stock number/acquisition | RP-ZLS-2782 / UBH-07-08:6 / RP-07-08:ENG |
| 090 ## - LOCALLY ASSIGNED LC-TYPE CALL NUMBER (OCLC); LOCAL CALL NUMBER (OCLC) | |
| -- | 4891 |
| -- | 4891 |
| 100 1# - MAIN ENTRY--PERSONAL NAME | |
| Personal name | Lurie, Karen |
| 245 1# - TITLE STATEMENT | |
| Title | Cracking the GRE |
| Statement of responsibility, etc | by Karen Lurie, Magda Pecsenye and Adam Robinson |
| 260 ## - PUBLICATION, DISTRIBUTION, ETC. (IMPRINT) | |
| Place of publication, distribution, etc | New York |
| Name of publisher, distributor, etc | Random House, |
| Date of publication, distribution, etc | 2008 |
| 300 ## - PHYSICAL DESCRIPTION | |
| Extent | x, 375 p |
| Dimensions | 27.5 cm (pbk) |
| Accompanying material | 1 DVD |
| 700 ## - ADDED ENTRY--PERSONAL NAME | |
| Personal name | Pecsenye, Magda |
| 700 ## - ADDED ENTRY--PERSONAL NAME | |
| Personal name | Robinson, Adam |
| 942 ## - ADDED ENTRY ELEMENTS (KOHA) | |
| Institution code [OBSOLETE] | dpl |
| Koha item type | English Books |
| Call number prefix | / LUR |
| Withdrawn status | Lost status | Source of classification or shelving scheme | Damaged status | Not for loan | Home library | Current library | Cost, normal purchase price | Total Checkouts | Barcode | Date last seen | Uniform Resource Identifier | Cost, replacement price | Price effective from | Koha item type |
|---|---|---|---|---|---|---|---|---|---|---|---|---|---|---|
| Dewey Decimal Classification | Sarojini Nagar | Sarojini Nagar | 650.00 | B-211504 | 15/09/2008 | 5094 | 650.00 | 15/09/2008 | English Books |
